Statistics for Border To Border #15 - 1 Year Special

Click here to take the quiz!

General Stats

  • This quiz has been taken 58 times
  • The average score is 28 of 30

Answer Stats

Starting Country: United Kingdom S.% Correct
Spain A.
100%
Andorra F.
98%
Austria S.
98%
Belgium N.
98%
France L.
98%
Germany A.
98%
Luxembourg B.
98%
Netherlands G.
98%
Hungary R.
94%
Romania M.
94%
Slovakia H.
94%
Belarus L.
92%
Moldova U.
92%
Ukraine B.
92%
Cambodia V.
91%
China M.
91%
China T.
91%
Laos C.
91%
Lithuania R.
91%
Mongolia C.
91%
Myanmar T.
91%
Russia M.
91%
Thailand L.
91%
Vietnam C.
91%
Tajikistan A.
89%
Afghanistan U.
87%
Azerbaijan
87%
Iran A.
87%
Turkmenistan I.
87%
Uzbekistan T.
87%

Score Distribution

Percentile by Number Answered

Percent of People with Each Score

Your Score History

You have not taken this quiz